Estadísticas para Jugadores con más partidos en el Getafe C. F.

Haz click aquí para intentar la prueba.

Estadísticas generales

  • Esta prueba ha sido intentada 21 veces
  • La puntuación promedio es 6 de 11

Estadísticas de respuestas

PartidosNacionaliadJugador% Correcto
250TogoDjené
94%
295UruguayDamián Suárez
89%
193UruguayMauro Arambarri
83%
214SerbiaNemanja Maksimovic
72%
217EspañaDavid Soria
67%
188EspañaJaime Mata
67%
231EspañaJavi Casquero
50%
195EspañaManu del Moral
33%
188EspañaPedro León
33%
237ArgentinaCata Díaz
28%
206EspañaJaime Gavilán
6%

Distribución de puntuación

Porcentaje por número respondido

Porcentaje de gente con cada puntuación

Historial de tus puntuaciones

No has intentado esta prueba.